| 000 | 003820000a22001450004500 | ||
|---|---|---|---|
| 082 | 0 | 4 | _aGI CTH L351d |
| 100 | 1 | _aLatourette, Jane R. | |
| 245 | 1 | 0 | _aDaniel in the lions den / Jane R. Latourette, il. : Sally Mathews |
| 260 | _aMissouri : Concordia Publishing | ||
| 300 | _a[ 32 P.] | ||
| 440 | 0 | _aCol. \ ARCH Books | |
| 650 | 1 | 4 | _aLiteratura Infantil |
| 001 | 811 | ||
| 942 | _cLGB | ||
| 999 |
_c48015 _d48015 |
||